| 000 | 01127nac a22002651u 4500 | ||
|---|---|---|---|
| 010 | _a 2001045008 | ||
| 020 | _a0072370602 | ||
| 082 | 0 | 0 |
_a658.72 _bL486 |
| 090 |
_c4606 _d4606 |
||
| 100 | _a20080729 | ||
| 245 | 0 | 0 |
_aPurchasing and supply management / _cMichiel R. Leenders ... [et al.]. |
| 246 | 1 | 4 | _aPurchasing & supply management |
| 250 | _a12th ed. | ||
| 260 |
_aBoston : _bMcGraw-Hill/Irwin,2002 _cc2002. |
||
| 300 |
_axxi, 743 p. : _bill. ; _c24 cm. |
||
| 500 | _aRev. ed. of: Purchasing and supply management / Michiel R. Leenders, Harold E. Fearon. 11th ed. c1997. | ||
| 504 | _aIncludes bibliographical references and indexes. | ||
| 650 | 0 | _aIndustrial procurement. | |
| 650 | 0 | _aMaterials management. | |
| 700 | 1 | _aLeenders, Michiel R. | |
| 856 | 4 | 1 |
_3Table of contents _uhttp://www.loc.gov/catdir/toc/mh031/2001045008.html |
| 856 | 4 | 1 |
_3Publisher description _uhttp://www.loc.gov/catdir/description/mh021/2001045008.html |
| 942 |
_cBB _k658.72L486 |
||
| 999 |
_c4606 _d4606 |
||